| 000 | 01553cam a2200433 a 4500 | ||
|---|---|---|---|
| 001 | 14779728 | ||
| 003 | OSt | ||
| 005 | 20140310184514.0 | ||
| 008 | 070322s2007 nyua j 000 1 eng | ||
| 010 | _a 2007925449 | ||
| 020 | _a9780545010221 | ||
| 020 | _a0545139708 | ||
| 040 |
_aDLC _cDLC _dDLC |
||
| 042 | _alcac | ||
| 050 | 0 | 0 |
_aPZ 7 _b.R79835 2009 |
| 100 | 1 |
_aRowling, J. K. _917401 |
|
| 245 | 1 | 0 |
_aHarry Potter and the Deathly Hallows / _cJ.K. Rowling ; illustrations by Mary GrandPré. |
| 250 | _a1st ed. | ||
| 260 |
_aNew York, NY : _bscholastic, _c2009. |
||
| 300 |
_a759 p. : _bill. ; _c24 cm. |
||
| 521 | _aG7 | ||
| 526 | _c980 | ||
| 650 | 0 |
_aPotter, Harry (Fictitious character) _vJuvenile fiction. _920024 |
|
| 650 | 0 |
_aGranger, Hermione (Fictitious character) _vJuvenile fiction. _920025 |
|
| 650 | 0 |
_aWeasley, Ron (Fictitious character) _vJuvenile fiction. _920026 |
|
| 650 | 0 |
_aHogwarts School of Witchcraft and Wizardry (Imaginary organization) _vJuvenile fiction. _920027 |
|
| 650 | 1 |
_aWizards _vFiction. _920028 |
|
| 650 | 1 |
_aMagic _vFiction. _920029 |
|
| 650 | 1 |
_aComing of age _vFiction. _920030 |
|
| 651 | 1 |
_aEngland _vFiction. _920031 |
|
| 700 | 1 |
_aGrandPré, Mary, _eill. _920032 |
|
| 856 | 4 | 2 |
_3Publisher description _uhttp://www.loc.gov/catdir/enhancements/fy1116/2007925449-d.html |
| 906 |
_a7 _bcbc _corignew _d1 _eepcn _f20 _gy-gencatlg |
||
| 942 |
_2lcc _cBK-SCHOLAS |
||
| 999 |
_c34932 _d34932 |
||